000 00568nam a22001937a 4500
005 20260323124446.0
008 260323b |||||||| |||| 00| 0 eng d
037 _cDSWL
040 _aDSWL
_cDSWL
041 _heng
100 _aYagati, Chinna Rao
_91137602
245 _aDimensions of Social Exclusion: Caste, Class and Gender
260 _aDelhi,
_bMeena Book Publication,
_c2015
300 _a386p
365 _aINR
_b1200
700 _aSudhakara Karakoti
_91137603
942 _2CC
_cTEXL
_n0
999 _c1726392
_d1726392